| 000 | 01053nam a2200205 a 4500 | ||
|---|---|---|---|
| 082 | 0 | 0 |
_a624.171 _bMAL _cN-01, P-89 |
| 100 |
_aMalhotra, V.M _941066 |
||
| 245 | 0 | 0 |
_aSuperplasticizers and other chemical admixtures in concrete : _bproceedings, third international conference, Ottawa, Canada, 1989 / _cV.M. Malhotra, editor. |
| 260 |
_aDetroit (P.O. Box 19150 Redford Station, Detroit 48219) : _bAmerican Concrete Institute, _cc1989. |
||
| 300 |
_avii, 665 p. : _bill. ; _c23 cm. |
||
| 490 | 1 | _aSP ; | |
| 500 | _aIn October 1989, CANMET in association with the American Concrete Institute sponsored the International Conference on Superplasticizers and other Chemical Admixtures in Concrete held in Ottawa, Ontario, Canada. | ||
| 526 |
_a0 _b0 _c0 _d624_171000000000000_MAL |
||
| 650 | 0 |
_aConcrete _xAdditives _xCongresses. _942774 |
|
| 650 | 0 |
_aPlasticisers _xCongresses. _942775 |
|
| 700 | 1 |
_aMalhotra, V. M. _941066 |
|
| 710 | 2 |
_aAmerican Concrete Institute. _937057 |
|
| 710 | 2 |
_aCanada Centre for Mineral and Energy Technology. _942776 |
|
| 942 |
_2ddc _cBK |
||
| 999 |
_c546616 _d546616 |
||